000
00281 a2200109 4500
001
68577
040
_c
Anchieta - Itaigara
240
1
0
_a
A corrida do espaço
_l
245
1
0
_a
A corrida do espaço
650
4
_a
Documentários, mídia educacional, jornalismo e publicidade
942
_c
MX
999
_c
68577
_d
68577